000 00415nam a2200145Ia 4500
008 210716s2011 xx 000 0 und d
020 _a9788126532209
041 _aeng
082 _a005.43 CYRK
100 _aCyr, Ken St;Hunter, Laura E.
245 _aAutomating active directory administration with windows powershell 2.0.
250 _a1
260 _aNew Delhi
_bWiley India Pvt Ltd
_c2011
300 _axx,484
999 _c191663
_d191663